[Event "BCF-chT3E 2223 (4NCL)"]
[Site "England"]
[Date "2022.11.06"]
[Round "2.64"]
[White "Talsma, Paul"]
[Black "Boughen, Andrew"]
[Result "1-0"]
[WhiteElo "2170"]
[BlackElo "1706"]
[PlyCount "87"]
[EventDate "2022.11.05"]
[EventType "team-tourn"]
[EventRounds "11"]
[EventCountry "ENG"]
[SourceTitle "EXT 2024"]
[Source "ChessBase"]
[SourceDate "2023.10.10"]
[SourceVersion "1"]
[SourceVersionDate "2023.10.10"]
[SourceQuality "1"]
[WhiteTeam "Anglian Avengers"]
[BlackTeam "Surbiton"]
[WhiteTeamCountry "ENG"]
[BlackTeamCountry "ENG"]

1. d4 Nf6 2. c4 e6 3. Nc3 d5 4. Bg5 Be7 5. e3 Nbd7 6. Rc1 c6 7. Nf3 0-0 8. a3 dxc4 9. Bxc4 Nd5 10. Bxe7 Qxe7 11. 0-0 Nxc3 12. Rxc3 e5 13. Qc2 Kh8 14. Ba2 e4 15. Nd2 f5 16. b4 Nb6 17. Rb1 Bd7 18. a4 Be6 19. Bxe6 Qxe6 20. b5 Nd5 21. Rc5 cxb5 22. Rbxb5 Nb6 23. a5 Nd7 24. Rc7 b6 25. d5 Qe8 26. axb6 axb6 27. h3 Ra1+ 28. Rb1 Rxb1+ 29. Qxb1 Qd8 30. d6 Rf6 31. Rc6 Qa8 32. Qc1 Nc5 33. Rxb6 Nd7 34. Rc6 Rf8 35. Rc7 Rd8 36. Nb3 h6 37. Nd4 Nf8 38. Nxf5 Ne6 39. Qc3 Rg8 40. Qe5 Nxc7 41. dxc7 Kh7 42. Ne7 Rf8 43. c8Q Rxc8 44. Qf5+ 1-0

[Event "Leamington Spa 4NCL op-B 28th"]
[Site "Leamington Spa"]
[Date "2022.07.09"]
[Round "2"]
[White "Boughen, Andrew"]
[Black "McMorran, Richard"]
[Result "1-0"]
[WhiteElo "1799"]
[BlackElo "1688"]
[PlyCount "73"]
[EventDate "2022.07.08"]
[EventType "swiss"]
[EventRounds "5"]
[EventCountry "ENG"]
[SourceTitle "CBM 209 Extra"]
[Source "ChessBase"]
[SourceDate "2022.09.30"]
[SourceVersion "1"]
[SourceVersionDate "2022.09.30"]
[SourceQuality "1"]

1. d4 f5 2. Nf3 e6 3. g3 Be7 4. Bg2 Nf6 5. 0-0 0-0 6. c4 d6 7. Nc3 Nc6 8. Re1 a5 9. e4 fxe4 10. Nxe4 Nxe4 11. Rxe4 d5 12. cxd5 exd5 13. Rf4 Bf6 14. Ne5 Ne7 15. Ng4 Ra6 16. Nxf6+ Raxf6 17. Rxf6 Rxf6 18. Bg5 Rf7 19. Qb3 c6 20. Re1 h6 21. Bd2 Nf5 22. Qc3 Re7 23. Rxe7 Qxe7 24. Bxd5+ cxd5 25. Qxc8+ Qf8 26. Qxb7 Qd8 27. Qa7 Qf6 28. Qb8+ Kh7 29. Qe5 Nxd4 30. Qxf6 gxf6 31. Bxa5 Nc6 32. Bd2 Kg7 33. a4 Kf7 34. a5 Nb8 35. b4 Ke7 36. Bxh6 Kd6 37. Bf4+ 1-0